Ảnh hưởng của trình độ học vấn đối với thu nhập của người lao động ở Đồng bằng sông Cửu Long : Báo cáo tổng kết đề tài khoa học và công nghệ cấp Trường
Nội dung đề tài phân tích mức độ ảnh hưởng của trình độ học vấn đến thu nhập của người lao động ở ĐBSCL, từ đó ước tính phần thu nhập tăng thêm do giáo dục mang lại.
Na minha lista:
| Autor principal: | |
|---|---|
| Formato: | Livro |
| Idioma: | Undetermined |
| Publicado em: |
Cần Thơ
Trường Đại học Cần Thơ
2011
|
| Assuntos: | |
| Tags: |
Adicionar Tag
Sem tags, seja o primeiro a adicionar uma tag!
|
| Thư viện lưu trữ: | Trung tâm Học liệu Trường Đại học Cần Thơ |
|---|
| LEADER | 01255nam a2200229Ia 4500 | ||
|---|---|---|---|
| 001 | CTU_203808 | ||
| 008 | 210402s9999 xx 000 0 und d | ||
| 082 | |a 331.1144 | ||
| 082 | |b Th455 | ||
| 088 | |a T2010-07 | ||
| 100 | |a Phạm, Lê Thông | ||
| 245 | 0 | |a Ảnh hưởng của trình độ học vấn đối với thu nhập của người lao động ở Đồng bằng sông Cửu Long : | |
| 245 | 0 | |b Báo cáo tổng kết đề tài khoa học và công nghệ cấp Trường | |
| 245 | 0 | |c Phạm Lê Thông (Chủ nhiệm đề tài) ; Huỳnh Thị Đan Xuân (tham gia thực hiện) | |
| 260 | |a Cần Thơ | ||
| 260 | |b Trường Đại học Cần Thơ | ||
| 260 | |c 2011 | ||
| 520 | |a Nội dung đề tài phân tích mức độ ảnh hưởng của trình độ học vấn đến thu nhập của người lao động ở ĐBSCL, từ đó ước tính phần thu nhập tăng thêm do giáo dục mang lại. | ||
| 650 | |a Thị trường lao động,Labor market,Kinh tế lao động,Labor economics | ||
| 904 | |i Tuyến | ||
| 915 | |a KT | ||
| 980 | |a Trung tâm Học liệu Trường Đại học Cần Thơ | ||